Top 10 Städte in Sachsen mit den meisten Einwohnern - Statistics

General Stats
  • This quiz has been taken 38 times
  • The average score is 7 of 10
Answer Stats
Hint Answer % Correct
3 Chemnitz (245.000)
100%
2 Dresden (560.000)
100%
1 Leipzig (625.000)
100%
4 Zwickau (87.000)
76%
6 Görlitz (56.000)
67%
8 Bautzen (39.000)
61%
5 Plauen (64.000)
58%
7 Freiberg (41.000)
36%
10 Hoyerswerda (31.000)
36%
9 Radebeul (34.000)
24%
No matching quizzes found
Score Distribution
Percent of People with Each Score
Percentile by Number Answered
Your Score History
You have not taken this quiz